ბათუმის შოთა რუსთაველის სახელმწიფო უნივერსიტეტის ბიბლიოთეკა

Сопротивление сооружений:статически неопределимые стержневые системы. (ბიბ.ჩანაწერი № 40878)

000 -LEADER
fixed length control field 00665nam a2200217Ia 4500
001 - CONTROL NUMBER
control field 7522
003 - CONTROL NUMBER IDENTIFIER
control field GE_BSU
008 - FIXED-LENGTH DATA ELEMENTS--GENERAL INFORMATION
fixed length control field 181216s||||||||xx |||||||||||||| ||und||
040 ## - CATALOGING SOURCE
Transcribing agency GE_BSU
080 ## - UNIVERSAL DECIMAL CLASSIFICATION NUMBER
Universal Decimal Classification number 624.2
100 ## - MAIN ENTRY--PERSONAL NAME
Personal name Завриев,К.С.
245 ## - TITLE STATEMENT
Title Сопротивление сооружений:статически неопределимые стержневые системы.
245 ## - TITLE STATEMENT
Statement of responsibility, etc. Ред.О.Д.Ониашвили.
260 ## - PUBLICATION, DISTRIBUTION, ETC.
Place of publication, distribution, etc. Тб.
260 ## - PUBLICATION, DISTRIBUTION, ETC.
Name of publisher, distributor, etc. Техника да шрома.
260 ## - PUBLICATION, DISTRIBUTION, ETC.
Date of publication, distribution, etc. 1957.
300 ## - PHYSICAL DESCRIPTION
Extent 310стр.22см.
300 ## - PHYSICAL DESCRIPTION
Accompanying material Чертеж.
653 ## - INDEX TERM--UNCONTROLLED
Uncontrolled term Сопротивление сооружений.
942 ## - ADDED ENTRY ELEMENTS (KOHA)
Koha item type წიგნი
ეგზემპლარები
Withdrawn status Lost status Damaged status Not for loan Date acquired Barcode Date last seen Price effective from Koha item type
        2018-12-17 11389 2018-12-17 2018-12-17 წიგნი
        2018-12-17 11390 2018-12-17 2018-12-17 წიგნი